[Event "TCh-NOR Finals"]
[Site "Oslo NOR"]
[Date "2002.05.12"]
[Round "5"]
[White "Madsen,D"]
[Black "Moen,S"]
[Result "1/2-1/2"]
[WhiteElo "2305"]
[BlackElo "2177"]

1.d4 Nf6 2.Nf3 g6 3.c4 Bg7 4.g3 O-O 5.Bg2 d6 6.O-O c6 7.Nc3 Qa5 8.h3 Be6
9.Qd3 Qa6 10.b3 d5 11.Ne5 Rd8 12.Bb2 dxc4 13.Nxc4 Nbd7 14.Rfd1 Bxc4 15.Qxc4 Qxc4
16.bxc4 Nb6 17.c5 Nbd5 18.Rab1 Rd7 19.e4 Nxc3 20.Bxc3 Ne8 21.e5 e6 22.Rd2 a6
23.Rdb2 Ra7 24.Bf1 Kf8 25.Kg2 Ke7 26.Ba5 Bf8 27.Rb4 Ng7 28.g4 Ke8 29.Be2 Be7
30.f4 Bd8 31.Bxd8 Kxd8 32.Bf3 Kc7 33.Kf2 Rd8 34.Ke3 Rh8 35.R4b2 h5 36.Bg2 Rh7
37.Kf2 Rh8 38.Be4 hxg4 39.hxg4 Rh3 40.Bf3 Rh8 41.Kg3 Rh7 42.Be4 Rh8 43.Rh1 Raa8
44.Rbh2 Rxh2 45.Rxh2 Kd7 46.Kf3 Kc7 47.Rh7 Rg8 48.f5 gxf5 49.gxf5 exf5 50.Bxf5 Kd8
51.Bg4 Ke7 52.Rh6 Rd8 53.Ke4 Ne8 54.Bh5 Ng7 55.Rh7 Nxh5 56.Rxh5 Rg8 57.Rh2 Rg4+
58.Ke3 Kd7 59.Rb2 Kc7 60.Rf2 Rg7 61.Kf4 Kd7 62.Rb2 Kc7 63.Kf5 Rg6 64.Rh2  1/2-1/2

[Event "XI MKD-Cup"]
[Site "Stip MKD"]
[Date "2002.05.12"]
[Round "5"]
[White "Vasovski,N"]
[Black "Jacimovic,D"]
[Result "1/2-1/2"]
[WhiteElo "2290"]
[BlackElo "2469"]

1.d4 Nf6 2.c4 g6 3.g3 Bg7 4.Bg2 O-O 5.Nf3 d6 6.O-O c6 7.b3 e5 8.dxe5 dxe5
9.Bb2 Nfd7 10.e4 Re8 11.Qc2 Nc5 12.Rd1 Qb6 13.Nc3 Bg4 14.Rab1 Nba6 15.Qe2 Rad8
16.h3 Bxf3 17.Bxf3 Ne6 18.Na4 Qc7 19.Rxd8 Rxd8 20.Rd1 h5 21.h4 Nd4 22.Bxd4 exd4
23.Nb2 Nb4 24.Nd3 Nxd3 25.Rxd3 Qe7 26.Bg2 f5 27.Qf3 Rf8 28.exf5 Qe1+ 29.Bf1 Rxf5
30.Qe2 Re5  1/2-1/2

[Event "Open"]
[Site "Pula CRO"]
[Date "2002.05.13"]
[Round "2"]
[White "Sulava,N"]
[Black "Vombek,D"]
[Result "0-1"]
[WhiteElo "2548"]
[BlackElo "2281"]

1.Nf3 Nf6 2.c4 g6 3.d4 Bg7 4.g3 O-O 5.Bg2 d6 6.O-O c5 7.dxc5 dxc5 8.Ne5 Nfd7
9.Nxd7 Qxd7 10.Nc3 Nc6 11.Qd5 Qxd5 12.cxd5 Nd4 13.Bg5 f6 14.Bd2 Bg4 15.Rae1 Rac8
16.f4 Rfd8 17.h3 Bd7 18.Kh2 b5 19.Ne4 f5 20.Nf2 b4 21.e3 Nb5 22.e4 Bxb2 23.exf5 gxf5
24.Rxe7 Bf6 25.Ree1 a5 26.g4 Bh4 27.gxf5 Nd6 28.Ng4 Bxe1 29.Bxe1 Nxf5 30.Be4 Nd6
31.Nf6+ Kf7 32.Bh4 Nxe4 33.Nxe4 Bf5 34.Bxd8 Rxd8 35.Nxc5 Rxd5 36.Nb3 a4 37.Nc1 Rd2+
38.Kg3 Rc2 39.Kh4 Kf6 40.Rh1 Rb2 41.Rd1 Rh2 42.Rd6+ Be6 43.Kg3 Rxh3+ 44.Kf2 b3
45.axb3 axb3 46.Ne2 b2  0-1

[Event "Capablanca Mem Mixto"]
[Site "Havana CUB"]
[Date "2002.05.15"]
[Round "9"]
[White "Araque,R"]
[Black "Pazos Gambarrotti,P"]
[Result "0-1"]
[WhiteElo "2365"]
[BlackElo "2420"]

1.Nf3 Nf6 2.g3 g6 3.Bg2 Bg7 4.c4 d6 5.d4 O-O 6.O-O c6 7.Nc3 Qa5 8.h3 Be6
9.Nd2 d5 10.Nb3 Qd8 11.Nc5 Bc8 12.cxd5 cxd5 13.Bg5 Nc6 14.Rc1 h6 15.Be3 b6
16.Nd3 Bb7 17.b4 e6 18.a3 Ne8 19.Ne5 Rc8 20.Nxc6 Rxc6 21.Qd3 Nd6 22.Bf4 Nf5
23.Be5 Qd7 24.Bxg7 Kxg7 25.Na2 Rfc8 26.Rxc6 Qxc6 27.Rc1 Qa4 28.Rxc8 Bxc8
29.g4 Nd6 30.Nc1 Nc4 31.e4 Bb7 32.exd5 Bxd5 33.Bxd5 exd5 34.Ne2 Qxa3 35.Nc3 b5
36.Kg2 a5 37.Qf3 axb4 38.Nxd5 Qxf3+ 39.Kxf3 b3 40.Ke2 b2 41.Nc3 b4 42.Nb1 Na3
43.Nd2 b1=Q 44.Nxb1 Nxb1 45.Kd3 Nc3 46.Kc4 Nd5  0-1

[Event "IHEM"]
[Site "Hamburg GER"]
[Date "2002.05.21"]
[Round "4"]
[White "Lindinger,M"]
[Black "Engelbert,C"]
[Result "1/2-1/2"]
[WhiteElo "2299"]
[BlackElo "2269"]

1.d4 g6 2.Nf3 Bg7 3.g3 Nf6 4.Bg2 O-O 5.c4 d6 6.O-O c6 7.Nc3 Qa5 8.e4 e5 9.h3 Nbd7
10.Re1 Re8 11.Be3 exd4 12.Nxd4 Nc5 13.Qc2 Ne6 14.Nde2 h6 15.f4 Qc7 16.Rad1 b6
17.Bf2 Bb7 18.b4 Rad8 19.Qb3 Qb8 20.Rd2 Qa8 21.Red1 c5 22.Nd5 Bxd5 23.cxd5 Nf8
24.Nc3 Qc8 25.bxc5 bxc5 26.Qa3 Qd7 27.Re1 Nh5 28.Rde2 g5 29.e5 gxf4 30.e6 Qe7
31.Bf3  1/2-1/2

[Event "Tanta Open"]
[Site "Tanta City EGY"]
[Date "2002.05.21"]
[Round "8"]
[White "Ahmed,Es"]
[Black "El Arousy,A"]
[Result "1-0"]
[WhiteElo "2395"]
[BlackElo "2293"]

1.Nf3 Nf6 2.d4 g6 3.g3 Bg7 4.Bg2 O-O 5.c4 d6 6.Nc3 Nc6 7.O-O a6 8.b3 Rb8
9.Bb2 Bd7 10.Rc1 Qc8 11.Re1 Bh3 12.Bh1 Bh6 13.d5 Bxc1 14.Qxc1 Na5 15.Qh6 Qg4
16.Ng5 Qh5 17.Qxh5 Nxh5 18.Nxh3 c5 19.dxc6 bxc6 20.Na4 c5 21.Bc3 Nb7 22.Nb6 Rfd8
23.Nd5 Rd7 24.g4 Ng7 25.f4 h5 26.Bf3 hxg4 27.Bxg4 f5 28.Bf3 Nd8 29.Kf2 Nf7
30.Rg1 Kh7 31.e4 Rg8 32.Ke3 Ne6 33.Bf6 Nd4 34.Bxe7 Rxe7 35.Nxe7 Re8 36.exf5 gxf5  1-0

[Event "Tanta Open"]
[Site "Tanta City EGY"]
[Date "2002.05.22"]
[Round "9"]
[White "Kengis,E"]
[Black "Hassan,Say"]
[Result "1/2-1/2"]
[WhiteElo "2577"]
[BlackElo "2355"]

1.Nf3 Nf6 2.c4 d6 3.d4 g6 4.g3 Bg7 5.Bg2 O-O 6.O-O Nc6 7.Nc3 Bd7 8.h3 e5
9.dxe5 dxe5 10.Be3 Qc8 11.Kh2 Rd8 12.Nd5 Be6 13.Ng5 Bxd5 14.cxd5 Ne7 15.Qb3 Nexd5
16.Rad1 c6 17.Bd2 Rd7 18.e4 Nb6 19.Be3 h6 20.Nf3 Qc7 21.Rxd7 Nbxd7 22.Rd1 b6
23.Qc2 Nf8 24.b4 Ne6 25.Rc1 Rc8 26.Bf1 c5 27.Qb1 Qb7 28.bxc5 Qxe4 29.Qxe4 Nxe4
30.cxb6  1/2-1/2

[Event "IHEM"]
[Site "Hamburg GER"]
[Date "2002.05.24"]
[Round "7"]
[White "Lahlum,H"]
[Black "Engelbert,C"]
[Result "1/2-1/2"]
[WhiteElo "2218"]
[BlackElo "2269"]

1.d4 g6 2.c4 Bg7 3.Nf3 d6 4.g3 Nf6 5.Bg2 O-O 6.Nc3 c6 7.O-O Qa5 8.e4 Bg4
9.h3 Bxf3 10.Bxf3 Nbd7 11.Be3  1/2-1/2

[Event "Open A"]
[Site "Ostrava CZE"]
[Date "2002.05.25"]
[Round "9"]
[White "Snopek,J"]
[Black "Hlubina,P"]
[Result "1/2-1/2"]
[WhiteElo "2016"]
[BlackElo "2115"]

1.Nf3 Nf6 2.c4 g6 3.g3 Bg7 4.Bg2 d6 5.d4 O-O 6.O-O Nbd7 7.Nc3 e5 8.e3 c6
9.d5 c5 10.e4 Ne8 11.Bg5 f6 12.Be3 f5 13.Qd2 Qe7 14.Rad1 Ndf6 15.Nh4 f4 16.gxf4 Nh5
17.fxe5 Bxe5 18.Bg5 Bf6 19.Nf3  1/2-1/2

[Event "FSGM June"]
[Site "Budapest HUN"]
[Date "2002.06.05"]
[Round "5"]
[White "Koneru,H"]
[Black "Dembo,Y"]
[Result "1-0"]
[WhiteElo "2486"]
[BlackElo "2363"]

1.d4 Nf6 2.c4 g6 3.Nf3 Bg7 4.g3 O-O 5.Bg2 d6 6.O-O c5 7.Nc3 Nc6 8.d5 Na5
9.Nd2 a6 10.Qc2 Rb8 11.b3 b5 12.Rb1 Bd7 13.Bb2 e5 14.e4 Nh5 15.Ne2 f5 16.f4 exf4
17.Bxg7 Nxg7 18.Nxf4 Qf6 19.Kh1 Rbe8 20.Rbe1 bxc4 21.bxc4 Qd4 22.Ne2 Qe5
23.Qc3 Qxc3 24.Nxc3 h5 25.Rb1 Rb8 26.Bh3 Rfd8 27.Kg1 Kh7 28.Rfe1 Kg8 29.Kf2 Kf7
30.Bf1 Kf6 31.h4 Rxb1 32.Rxb1 Bc8 33.Nf3 fxe4 34.Nxe4+ Ke7 35.Re1 Kf8 36.Re3 Nb7
37.Ra3 a5 38.Rb3 Re8 39.Nfg5 Re7 40.Rb6 Ne8 41.Kf3 Bf5 42.Bh3 Kg7 43.Ne6+ Kh6
44.Bxf5 gxf5 45.Nc3 Kg6 46.Nb5 Kf6 47.Nf4 a4 48.Nxh5+ Kg6 49.Nf4+ Kf7 50.Ra6 Nf6
51.Rxa4 Ng4 52.Ne6 Ne5+ 53.Kf4 Kf6 54.Na3 Re8 55.Ra7 Rg8 56.Ng5 Rg7 57.Ra8 Ng6+
58.Kf3 Ne5+ 59.Ke3 Re7 60.Ne6 Nf7 61.Kf4 Ne5 62.Rf8+ Rf7 63.Ra8 Re7 64.Ke3 Ng4+
65.Kd3 Nf2+ 66.Ke2 Ng4 67.Nb1 Ne5 68.Nd2 Ng6 69.Kf2 Ne5 70.a4 Nd3+ 71.Ke3 Nb4
72.a5 Nc2+ 73.Kd3 Nd4 74.a6 Na5 75.Nxd4 cxd4 76.a7  1-0

[Event "3rd IECC"]
[Site "Batumi GEO"]
[Date "2002.06.12"]
[Round "1"]
[White "Supatashvili,K"]
[Black "Kamadadze,Z"]
[Result "1/2-1/2"]
[WhiteElo "2509"]
[BlackElo "2225"]

1.d4 Nf6 2.c4 g6 3.Nf3 Bg7 4.g3 O-O 5.Bg2 d6 6.O-O c5 7.Nc3 Nc6 8.dxc5 dxc5
9.Be3 Qa5 10.Bd2 Qd8 11.Qc1 Be6 12.b3 Qc8 13.Bh6 Bh3 14.Bxg7 Kxg7 15.Nd5 Bxg2
16.Kxg2 Qf5 17.Qb2 Rad8 18.Rad1 Kg8 19.Rfe1 Ne4 20.h3 h5 21.Qb1 Rd7 22.Rd3 Rfd8
23.Re3 e6 24.Qxe4 exd5 25.Qxf5 gxf5 26.cxd5 Rxd5 27.Rc1 b6 28.Rc4 Nd4 29.Ne1 b5
30.Rcc3 b4 31.Rc4 a5 32.Nd3 Ne6 33.Rc2 Kg7 34.Re5 Rxe5 35.Nxe5 a4 36.bxa4 Ra8
37.e3 Rxa4 38.Nd3 Ra5 39.Nc1 Ra7 40.Nb3 Rc7 41.Rc4 Kf6 42.f4 Ra7 43.Kf3 Rxa2
44.Nxc5 Nxc5 45.Rxc5 Rb2 46.Rb5 Rb1 47.Rb6+  1/2-1/2

[Event "3rd IECC"]
[Site "Batumi GEO"]
[Date "2002.06.15"]
[Round "4"]
[White "Gaprindashvili,V"]
[Black "Kinsic,O"]
[Result "1-0"]
[WhiteElo "2476"]
[BlackElo "2158"]

1.d4 Nf6 2.c4 g6 3.Nf3 Bg7 4.g3 d6 5.Bg2 O-O 6.O-O Nbd7 7.Nc3 e5 8.h3 Re8
9.e4 c6 10.Re1 a5 11.Be3 Qc7 12.Qc2 exd4 13.Nxd4 Nc5 14.Rad1 Nfd7 15.b3 Nf8
16.Ndb5 cxb5 17.Nxb5 Qe7 18.Nxd6 b6 19.Nxe8 Qxe8 20.Bd4 Bb7 21.Bxg7 Kxg7
22.Qc3+ Kg8 23.Qf6 Nfe6 24.f4 Rb8 25.f5 Nd7 26.Rxd7 Qxd7 27.fxe6 fxe6 28.Rf1 Re8
29.e5 Bxg2 30.Kxg2 Rd8 31.Rf2 Qe8 32.h4 Rd1 33.Kh2 Rd7 34.a3 Rc7 35.Rd2 Rd7
36.Rd6 Rxd6 37.exd6 e5 38.Kg1 e4 39.Qe7 Qxe7 40.dxe7 Kf7 41.Kf2 Kxe7 42.Ke3 Kd6
43.Kxe4 Kc5 44.Kd3  1-0

[Event "3rd IECC"]
[Site "Batumi GEO"]
[Date "2002.06.15"]
[Round "4"]
[White "Supatashvili,K"]
[Black "Fedorov,Alex"]
[Result "1/2-1/2"]
[WhiteElo "2509"]
[BlackElo "2598"]

1.d4 Nf6 2.c4 g6 3.Nf3 Bg7 4.g3 O-O 5.Bg2 d6 6.Nc3 Nc6 7.O-O a6 8.b3 Rb8
9.Nd5 e6 10.Nxf6+ Qxf6 11.Bb2 Qe7 12.e4 e5 13.d5 Nd8 14.Nd2 f5 15.exf5 gxf5
16.f4 e4 17.Qc2 c5 18.Rae1 h5 19.h3 Bd4+ 20.Bxd4 cxd4 21.g4 hxg4 22.hxg4 Qg7
23.gxf5 e3 24.Nf3 Bxf5 25.Qb2 Bd3 26.Qxd4 Bxf1 27.Rxf1 e2 28.Re1 Qxd4+ 29.Nxd4 Rxf4
30.Nxe2 Rh4 31.Ng3 Nf7 32.Re6 Rd8  1/2-1/2

[Event "3rd IECC"]
[Site "Batumi GEO"]
[Date "2002.06.20"]
[Round "8"]
[White "Kantaria,M"]
[Black "Arutunian,D"]
[Result "1/2-1/2"]
[WhiteElo "2259"]
[BlackElo "2427"]

1.d4 Nf6 2.c4 g6 3.g3 Bg7 4.Bg2 O-O 5.Nf3 d6 6.Nc3 Nc6 7.O-O a6 8.d5 Na5
9.Nd2 c5 10.Qc2 Rb8 11.b3 b5 12.Rb1 h5 13.Bb2 Bf5 14.e4 Bd7 15.Nd1 bxc4 16.bxc4 e5
17.Ne3 Ng4 18.Qd3 Qc7 19.Bc3 Bh6 20.Rxb8 Rxb8 21.f4 Nxe3  1/2-1/2

[Event "ISYG-W16"]
[Site "Moscow RUS"]
[Date "2002.06.20"]
[Round "3"]
[White "Chistiakova,T"]
[Black "Fominykh,M"]
[Result "1-0"]
[WhiteElo "2207"]
[BlackElo "2163"]

1.Nf3 Nf6 2.c4 g6 3.d4 Bg7 4.g3 O-O 5.Bg2 d6 6.Nc3 Nbd7 7.O-O e5 8.e3 c6
9.b3 Re8 10.Bb2 a6 11.Rc1 Rb8 12.Qc2 b5 13.dxe5 dxe5 14.Ne2 Qe7 15.cxb5 cxb5
16.Rfd1 Bb7 17.Qb1 e4 18.Nd2 Ne5 19.Nxe4 Nxe4 20.Bxe4 Nf3+ 21.Bxf3 Bxf3 22.Rd2 Bh6
23.Qd3 f6 24.Qc3 Rb6 25.Qc7 Rb7 26.Qxe7 Rbxe7 27.Kf1 Bb7 28.Rdc2 Bg7 29.Rc7 f5
30.Bxg7 Kxg7 31.Nd4 Kf6 32.Ke1 Bd5 33.Kd2 Ba8 34.R1c5 Bb7 35.Kc3 Be4 36.Kb4 h6
37.Ka5 Rxc7 38.Rxc7 Ra8 39.a3 Bd5 40.Rd7 Ke5 41.Re7+ Kf6 42.Rc7 Be4 43.Kb6 Rb8+
44.Kxa6 Ra8+ 45.Ra7 Rc8 46.Kxb5 Bd3+ 47.Kb4 Rc1 48.a4 Rf1 49.Kc3 Be4 50.b4 Rxf2
51.b5 Rxh2 52.b6 Rh1 53.Nb3 Rd1 54.a5 Rd3+ 55.Kb4 Rd6 56.Rc7 g5 57.b7 Bxb7
58.Rxb7 h5 59.Kb5 h4 60.gxh4 gxh4 61.Rh7 Kg5 62.a6 Kg4 63.a7 Rd8 64.Nd4 h3
65.Kb6 Kg3 66.Ne2+ Kf2 67.Nf4 Kxe3 68.Nxh3 f4 69.Re7+ Kf3 70.Rf7 Kg3 71.Nxf4  1-0

[Event "3rd IECC"]
[Site "Batumi GEO"]
[Date "2002.06.23"]
[Round "11"]
[White "Bagaturov,G"]
[Black "Kotronias,V"]
[Result "1/2-1/2"]
[WhiteElo "2434"]
[BlackElo "2580"]

1.d4 Nf6 2.c4 g6 3.Nf3 Bg7 4.g3 O-O 5.Bg2 d6 6.Nc3 Nbd7 7.O-O e5 8.e4 c6
9.h3 Qb6 10.Re1 exd4 11.Nxd4 Re8 12.Nc2 Qc7 13.Be3 a6 14.Nd4 Rb8 15.g4 Ne5
16.b3 c5 17.Nde2 b5 18.cxb5 axb5 19.g5 Nh5 20.f4 Nc6 21.Rc1 h6 22.gxh6 Bxh6
23.Qd2 Be6 24.Red1 b4 25.Nd5 Qc8 26.Kh2 Bxd5 27.Qxd5 Qa6 28.Qc4 Qxc4 29.Rxc4 Rbd8
30.Bf3 Ng7 31.Rc2 f5 32.Rcd2 fxe4 33.Bg4 Nf5 34.Bxf5 gxf5 35.Rxd6 Nd4 36.Rxd8 Rxd8
37.Bxd4 cxd4 38.Rxd4 Ra8 39.Rd2 Kf7 40.Kg3 Ke6 41.Kf2 Bf8 42.Nd4+ Kf6 43.Rc2 Ra5
44.Rc6+ Kf7 45.Rc7+ Kg6 46.Rc6+ Kf7 47.Rc7+ Kg6 48.Rc6+  1/2-1/2

[Event "3rd IECC"]
[Site "Batumi GEO"]
[Date "2002.06.23"]
[Round "11"]
[White "Gagunashvili,M"]
[Black "Fedorov,Alex"]
[Result "1-0"]
[WhiteElo "2472"]
[BlackElo "2598"]

1.d4 Nf6 2.c4 g6 3.Nf3 Bg7 4.g3 O-O 5.Bg2 d6 6.Nc3 Nc6 7.O-O a6 8.b3 Rb8
9.Nd5 Nh5 10.Bb2 e6 11.Nc3 b5 12.d5 Ne7 13.dxe6 Bxe6 14.cxb5 axb5 15.Qd2 h6
16.Nd4 Bd7 17.b4 Nf6 18.h3 c5 19.Nc2 Rb6 20.Rab1 Qc8 21.Kh2 Bc6 22.e4 Rd8
23.Nd5 Nexd5 24.exd5 Bd7 25.Ne3 Ra6 26.a3 Re8 27.Rfe1 c4 28.Rbc1 Ra8 29.h4 h5
30.Kg1 Qd8 31.Qd4 Re7 32.Qf4 Ne8 33.Bxg7 Kxg7 34.Rc3 Bc8 35.Rd1 Rea7 36.Nc2 Qf6
37.Qe3 Bg4 38.Re1 Nc7 39.Rc1 Ra6 40.Nd4 Re8 41.Qd2 Re5 42.Re3 Rxe3 43.Qxe3 Qe5
44.Qc3 Bc8 45.Re1 Qf6 46.Re3 Bb7 47.Rf3 Nxd5 48.Rxf6 Nxc3 49.Bxb7 Rxa3 50.Rxd6 Ra4
51.Rb6 Rxb4 52.Ba6 Rb2 53.Bxb5 Ne4 54.Rc6 c3 55.Bd3 Nxf2 56.Bc2 Nd1 57.Bxd1 Rb1
58.Kf2 Rxd1 59.Ne2 f6 60.Nxc3 Rd4 61.Ke3 Rg4 62.Rc7+ Kf8 63.Ne4 f5 64.Ng5 Rxg3+
65.Kf4 Ra3 66.Ke5 Kg8 67.Kf6 Ra6+ 68.Ne6 f4 69.Rg7+ Kh8 70.Re7 f3 71.Kxg6 Ra8
72.Rf7 Re8 73.Ng5  1-0

[Event "ISYG-W14"]
[Site "Moscow RUS"]
[Date "2002.06.23"]
[Round "6"]
[White "Meleshko,Ann"]
[Black "Hallaeva,B"]
[Result "1/2-1/2"]
[WhiteElo "2069"]
[BlackElo "2118"]

1.d4 Nf6 2.Nf3 g6 3.g3 Bg7 4.Bg2 O-O 5.c4 d6 6.O-O Nbd7 7.Qc2 c5 8.d5 b5
9.e4 bxc4 10.Na3 Ba6 11.Re1 Rb8 12.Nxc4 Ng4 13.Rb1 Rb4 14.b3 Nge5 15.Ncxe5 Nxe5
16.Nxe5 Bxe5 17.Bb2 Bxb2 18.Rxb2 Qa5 19.Qd2 Qb6 20.Rc2 Rd4 21.Qg5 Qa5 22.Qe3 Rb8
23.e5 Bb7 24.Qc3 Qxc3 25.Rxc3 Bxd5 26.Bxd5 Rxd5 27.exd6 exd6 28.Re7 Ra8 29.Rf3 f5
30.Rfe3 a5 31.Rd7 Re5 32.Rxe5 dxe5 33.Rd5 a4 34.Rxe5 axb3 35.axb3 Rb8 36.Rxc5 Rxb3
37.Rc7 Rb8 38.Kg2 Rf8 39.Kf3 Rf7 40.Rc6 Kg7 41.Kf4 h6 42.h4 Rf6 43.Rc7+ Rf7
44.Rc8 Re7  1/2-1/2

[Event "3rd IECC"]
[Site "Batumi GEO"]
[Date "2002.06.24"]
[Round "12"]
[White "Citak,S"]
[Black "Babaev,Ra"]
[Result "1-0"]
[WhiteElo "2035"]
[BlackElo "2430"]

1.d4 Nf6 2.c4 g6 3.Nf3 Bg7 4.g3 O-O 5.Bg2 d6 6.Nc3 Nc6 7.O-O a6 8.h3 Rb8
9.Be3 b5 10.Nd2 Bd7 11.Rc1 e5 12.dxe5 Nxe5 13.b3 bxc4 14.f4 Nc6 15.Nxc4 Re8
16.Bf2 Qc8 17.Kh2 a5 18.e4 Qa6 19.e5 dxe5 20.fxe5 Nxe5 21.Nxe5 Rxe5 22.Bd4 Bg4
23.hxg4 Rd8 24.Bf3 Rg5 25.Qe2 Qxe2+ 26.Nxe2 Nxg4+ 27.Bxg4 Bxd4 28.Nxd4 Rxd4
29.Bf3 Rd2+ 30.Bg2 c5 31.a3 Rh5+ 32.Kg1 Rg5 33.Rf2 Rd3 34.Rf3 Rxg3 35.Rxg3 Rxg3
36.Rxc5 Rxb3 37.Rxa5 Kg7 38.a4 f5 39.Ra7+ Kh6 40.a5 Ra3 41.a6 Kg5 42.Bf1 Kg4
43.Rxh7 f4 44.Rf7 g5 45.Kf2 f3 46.a7 Ra2+ 47.Ke3 Ra1 48.Bc4 Ra3+ 49.Kf2 Kh4
50.Bd5 g4 51.Rh7+  1-0

[Event "3rd IECC"]
[Site "Batumi GEO"]
[Date "2002.06.24"]
[Round "12"]
[White "Sargissian,G"]
[Black "Socko,B"]
[Result "1-0"]
[WhiteElo "2538"]
[BlackElo "2564"]

1.d4 Nf6 2.c4 g6 3.Nf3 Bg7 4.g3 d6 5.Bg2 O-O 6.O-O a6 7.Nc3 Nc6 8.d5 Na5
9.Nd2 c5 10.Rb1 Rb8 11.b3 b5 12.Bb2 Bf5 13.e4 Bd7 14.Qc2 Qc7 15.Nd1 bxc4
16.bxc4 Rb4 17.Bc3 Rxb1 18.Qxb1 Nh5 19.Qd3 Rb8 20.Ne3 Bxc3 21.Qxc3 Ng7 22.f4 Nb7
23.Rb1 Ra8 24.Qb2 Na5 25.Qb6 Qxb6 26.Rxb6 f6 27.Nf3 Kf8 28.g4 Ke8 29.e5 Kd8
30.exd6 exd6 31.Rxd6 Ne8 32.Rb6 Kc7 33.Rb1 Nd6 34.Nd2 g5 35.f5 Rb8 36.Rxb8 Kxb8
37.Kf2 Kc7 38.Ke2 Nab7 39.Kd3 Nd8 40.Nd1 N8f7 41.Nf2 Ne5+ 42.Kc3 Be8 43.Bf1 h5
44.h3 hxg4 45.hxg4 Ba4 46.Be2 Kb6 47.Nh1 Ka5 48.Ng3 Nd7 49.Nh5 Kb6 50.Ng3 Ka5
51.Nh1 Ne5 52.Nf2 Kb6 53.Nf1 Ka5 54.Ne3 Kb6 55.Nf1 Ka5 56.Nd2 Kb6 57.Nd3 Nxd3
58.Kxd3 Kc7 59.Kc3 Kb6 60.Kb2 Ka5 61.Kc3 Kb6 62.Bf3 Kc7 63.Nf1 Nb7 64.Kd3 Kd6
65.Nd2 Ke5 66.Ke3 Bc2 67.Be2 a5 68.Nf3+ Kd6 69.Ne1 Ba4 70.Kd2 Ke5 71.Ke3 Kd6
72.Nd3 Bc2 73.Nb2 a4 74.a3 Na5 75.Kd2 Bb3 76.Kc3 Nb7 77.Nd3 Na5 78.Nb2 Nb7
79.Nd3 Na5 80.Ne1 Ke5 81.Nf3+ Kd6 82.Nd2 Ke5 83.Bf3 Nb7 84.Nxb3 axb3 85.Kxb3 Na5+
86.Ka4 Nxc4 87.Kb5 Kd4 88.a4 Ne5 89.a5 Nxf3 90.a6 c4 91.a7 c3 92.a8=Q c2
93.Qc8 Kxd5 94.Kb4 Nd4 95.Ka3 Ke4 96.Kb2 Kf3 97.Qc3+ Ke4 98.Qc4 Ke3 99.Kc1 Ke4
100.Kd2 Ke5 101.Qc5+  1-0

[Event "3rd IECC"]
[Site "Batumi GEO"]
[Date "2002.06.26"]
[Round "13"]
[White "Gaprindashvili,V"]
[Black "Guseinov,K"]
[Result "0-1"]
[WhiteElo "2476"]
[BlackElo "2510"]

1.Nf3 g6 2.d4 Nf6 3.c4 Bg7 4.g3 O-O 5.Bg2 d6 6.O-O Nbd7 7.Nc3 e5 8.h3 Re8
9.e4 exd4 10.Nxd4 Nc5 11.Re1 a5 12.Rb1 a4 13.b4 axb3 14.axb3 h6 15.Kh2 c6
16.Bf4 Nh7 17.Nde2 Nf6 18.Qc2 g5 19.Bd2 g4 20.h4 Nfd7 21.Be3 Ne5 22.Red1 Qe7
23.Nd4 Nf3+ 24.Kh1 Bxd4 25.Bxd4 Nxe4 26.Qxe4 Qxe4 27.Nxe4 Rxe4 28.Bc3 Re2
29.Rxd6 Be6 30.Rbd1 h5 31.Bxf3 gxf3 32.g4 hxg4 33.Rd8+ Rxd8 34.Rxd8+ Kh7
35.h5 Kh6 36.Kh2 Kxh5 37.Kg3 Re4 38.Rb8 Kg5 39.Bd2+ Kf5 40.Rxb7 Rd4 41.Be3 Rd1
42.Kh2 Ke4 43.c5 Rd8 44.Rb4+ Kd3 45.Kg3 Rh8 46.Rd4+ Kc3 47.b4 Rb8 48.Rd6 Rc8
49.Rd4 Rc7 50.Kf4 Rb7 51.Kg3 Rb8 52.Rd6 Rc8 53.Rd4 Kb3 54.Kf4 Ka4 55.Kg3 Kb5
56.Bg5 Rh8 57.Be3 Rh1 58.Kf4 Rg1 59.Kg5 Rg2 60.Kf4 Bd5 61.Rd1 Be6 62.Rb1 Bc4
63.Rb2 Be2 64.Ke5 g3 65.fxg3 f2 66.Bxf2 Rxf2 67.Kd6 Rg2 68.Rb3 Bc4 69.Re3 Bd5
70.Kc7 Kxb4  0-1

[Event "IV Shakkinet B"]
[Site "Helsinki FIN"]
[Date "2002.07.01"]
[Round "8"]
[White "Haapasalo,JP"]
[Black "Skrjabin,I"]
[Result "0-1"]
[WhiteElo "2149"]
[BlackElo "2114"]

1.Nf3 Nf6 2.c4 g6 3.d4 Bg7 4.g3 O-O 5.Bg2 d6 6.O-O c6 7.Nc3 Be6 8.d5 cxd5
9.Nd4 Bd7 10.cxd5 Na6 11.h3 Nc5 12.Be3 a5 13.Kh2 a4 14.Qd2 Qa5 15.Rab1 Rfc8
16.Rfc1 Qd8 17.f4 a3 18.b3 Qe8 19.Bf2 b5 20.b4 Na4 21.Nxa4 Rxa4 22.Rxc8 Qxc8
23.Rc1 Qb7 24.e4 Be8 25.Nc6 Kf8 26.e5 Nd7 27.exd6 exd6 28.Qe2 Nf6 29.Bd4 Ra8
30.Qe3 Qd7 31.g4 Ng8 32.Re1 Bxd4 33.Qxd4 f6 34.Qb6 Bf7 35.Nb8 Qa7 36.Qxd6+ Kg7
37.Nc6 Qf2 38.Re4 Qxa2 39.Ne7 Nxe7 40.Rxe7 Qb2 41.Qc7 Rf8 42.d6 a2 43.d7 a1=Q
44.d8=Q Qaa2 45.Re2  0-1

[Event "5th Open"]
[Site "Vins du Medoc FRA"]
[Date "2002.07.01"]
[Round "3"]
[White "Renet,O"]
[Black "Bogdanov,D"]
[Result "1-0"]
[WhiteElo "2494"]
[BlackElo "2095"]

1.d4 g6 2.c4 Bg7 3.g3 d6 4.Bg2 Nf6 5.Nf3 O-O 6.Nc3 Nbd7 7.O-O e5 8.e4 Re8
9.h3 exd4 10.Nxd4 Nc5 11.Re1 c6 12.Rb1 a5 13.b3 Nfd7 14.Be3 Nb6 15.Qd2 a4
16.Bg5 Qc7 17.Bh6 axb3 18.axb3 Bf6 19.Red1 Ne6 20.Be3 Bd7 21.Nde2 Nc5 22.Qxd6  1-0

[Event "23rd Open"]
[Site "Bled SLO"]
[Date "2002.07.03"]
[Round "2"]
[White "Sebenik,M"]
[Black "Srebrnic,M"]
[Result "1/2-1/2"]
[WhiteElo "2380"]
[BlackElo "2179"]

1.d4 Nf6 2.c4 g6 3.Nf3 Bg7 4.g3 O-O 5.Bg2 d6 6.O-O Nc6 7.Nc3 a6 8.Re1 Rb8
9.h3 b5 10.cxb5 axb5 11.e4 e5 12.dxe5 Nxe5 13.Nxe5 dxe5 14.Bg5 c6 15.Qxd8 Rxd8
16.Rac1 h6 17.Be3 Be6 18.b3 Bf8 19.Nb1 Rdc8 20.Nd2 c5 21.Bf1 Nd7 22.Rc2 Rb7
23.Rec1 Ra8 24.Nb1 Rab8 25.Nc3 f5 26.Bg2 Rc7 27.exf5 gxf5 28.Nd5 Rcc8 29.Nb4 Kf7
30.Na6 Rb6 31.Nxc5 Nxc5 32.Bxc5 Bxc5 33.Rxc5 Rxc5 34.Rxc5 Kf6 35.Rc6 Rxc6
36.Bxc6 b4 37.f4 Bc8 38.Kf2 Ba6 39.Ke3 Bf1 40.h4 Ke6 41.Bf3 Bb5 42.Bd1 Ba6
43.Bc2 Bb7 44.Bd3 Bc6 45.Kd2 Bb7 46.Kc1 Bd5 47.Be2 Be4 48.Bc4+ Kd6 49.Kd2 Bc6
50.Ke3 Be4 51.g4 Bb1 52.g5 hxg5 53.hxg5 exf4+ 54.Kxf4 Ke7 55.Ke5 f4 56.Kxf4 Kf8
57.Bd5 Bxa2 58.g6 Kg7 59.Kg5 Bb1 60.Bf7 Bc2  1/2-1/2

[Event "Open"]
[Site "Oberwart AUT"]
[Date "2002.07.06"]
[Round "2"]
[White "Horvath,P1"]
[Black "Seifert,M"]
[Result "1-0"]
[WhiteElo "2514"]
[BlackElo "2199"]

1.d4 g6 2.c4 Bg7 3.Nf3 d6 4.g3 Nf6 5.Bg2 O-O 6.O-O Nbd7 7.Nc3 a6 8.e4 e5
9.h3 Rb8 10.Re1 Qe7 11.Nd5 Nxd5 12.exd5 f6 13.Qc2 Kh8 14.b4 b6 15.Bb2 Rf7
16.dxe5 fxe5 17.Nd4 Qf6 18.Nc6 Ra8 19.f4 Qf5 20.Qxf5 Rxf5 21.fxe5 Nxe5 22.Nxe5 Bxe5
23.Bxe5+ Rxe5 24.Rxe5 dxe5 25.Re1  1-0

[Event "XX Open"]
[Site "Andorra la Vella AND"]
[Date "2002.07.07"]
[Round "2"]
[White "Helbig,M"]
[Black "Moreno Carnero,J"]
[Result "0-1"]
[WhiteElo "2242"]
[BlackElo "2494"]

1.d4 Nf6 2.c4 g6 3.Nf3 Bg7 4.g3 O-O 5.Bg2 d6 6.O-O Nbd7 7.Nc3 e5 8.h3 Re8
9.e4 exd4 10.Nxd4 Nc5 11.Re1 a5 12.Rb1 h6 13.b3 a4 14.b4 Ne6 15.Ndb5 Ng5
16.Bxg5 hxg5 17.c5 g4 18.h4 dxc5 19.Qxd8 Rxd8 20.bxc5 c6 21.e5 Ne8 22.Nd6 Nxd6
23.Rbd1 Bf5 24.cxd6 Ra5 25.Be4 Rxe5  0-1

[Event "FSIMA July"]
[Site "Budapest HUN"]
[Date "2002.07.12"]
[Round "7"]
[White "Suranyi,P"]
[Black "Predojevic,B"]
[Result "0-1"]
[WhiteElo "2188"]
[BlackElo "2359"]

1.d4 Nf6 2.Nf3 g6 3.c4 Bg7 4.g3 O-O 5.Bg2 d6 6.O-O c6 7.Nc3 Qa5 8.d5 cxd5
9.cxd5 Bg4 10.Nd4 Rc8 11.Nb3 Qd8 12.h3 Bd7 13.a4 Na6 14.Kh2 Rc4 15.e4 Ne8
16.Nd2 Rb4 17.Ra3 Nc5 18.Ndb1 Rc8 19.Re1 Rd4 20.Qe2 Nd3 21.Be3 Nxe1 22.Bxd4 Bxd4
23.Qxe1 Qb6 24.Qd1 Bxf2 25.Rb3 Qe3 26.Ne2 Bxa4 27.Rxe3 Bxd1 28.Rc3 Rxc3 29.Nexc3 Bc2
30.Na3 Bd3 31.Bf3 Nf6 32.g4 Bd4 33.Nab5 Be5+ 34.Kg2 a6  0-1

[Event "FSIMA July"]
[Site "Budapest HUN"]
[Date "2002.07.12"]
[Round "7"]
[White "Tanaka,Y"]
[Black "Dencsi,T"]
[Result "1-0"]
[WhiteElo "2187"]
[BlackElo "2232"]

1.d4 Nf6 2.c4 g6 3.Nf3 Bg7 4.g3 O-O 5.Bg2 d6 6.Nc3 c5 7.O-O Nc6 8.dxc5 dxc5
9.Be3 Be6 10.Qa4 Nd7 11.Rfd1 Qc8 12.Nd5 Bxb2 13.Rab1 Bf6 14.Qb5 Bf5 15.Nxf6+ Nxf6
16.Rb2 Rd8 17.Rxd8+ Qxd8 18.Rd2 Qc7 19.Nh4 Be6 20.Qxc5 Nd7 21.Qg5 Nce5 22.Qxe7 Nxc4
23.Bf4 Qa5 24.Rd1 Qa4 25.Rf1 Na5 26.Nf3 Qxa2 27.Ne5 Nf8 28.Bh6 Nd7 29.Nxd7 Qb2
30.Nf6+ Kh8 31.Ne8  1-0

[Event "3rd Stage Russian Cup"]
[Site "Tomsk RUS"]
[Date "2002.07.12"]
[Round "5"]
[White "Bocharov,D"]
[Black "Lykov,V"]
[Result "1-0"]
[WhiteElo "2475"]
[BlackElo "2315"]

1.d4 Nf6 2.Nf3 g6 3.c4 Bg7 4.g3 O-O 5.Bg2 d6 6.O-O c6 7.Nc3 Qa5 8.e4 e5 9.h3 Nbd7
10.Re1 exd4 11.Nxd4 Nb6 12.Bf1 Re8 13.Rb1 Qh5 14.Qxh5 Nxh5 15.Rd1 Nf6 16.f3 a6
17.b3 d5 18.exd5 cxd5 19.c5 Nbd7 20.Na4 Ne5 21.Bb2 Bd7 22.Nb6 Rad8 23.Kf2 Nc6
24.Nxc6 Bxc6 25.Bd4 Bb5 26.Bxb5 axb5 27.b4 Nd7 28.Nxd5 Ne5 29.Bxe5 Bxe5 30.f4 Bg7
31.Nc7 Rxd1 32.Rxd1 Re4 33.Rd8+ Bf8 34.a3 Rc4 35.Nxb5 h5 36.h4 Kg7 37.Rd7 g5
38.hxg5 Kg6 39.Rxb7 Rc2+ 40.Kf3 Bg7 41.Rb6+ f6 42.gxf6 Bxf6 43.c6  1-0

[Event "3rd Stage Russian Cup"]
[Site "Tomsk RUS"]
[Date "2002.07.14"]
[Round "7"]
[White "Khasin,Al"]
[Black "Smirnov,P"]
[Result "1/2-1/2"]
[WhiteElo "2518"]
[BlackElo "2539"]

1.Nf3 d6 2.g3 g6 3.Bg2 Bg7 4.d4 Nf6 5.c4 O-O 6.Nc3 Nc6 7.O-O a6 8.d5 Na5
9.b3 c5 10.dxc6 Nxc6 11.Bb2 Ne4 12.Qc1 Bf5 13.Nxe4 Bxb2 14.Qxb2 Bxe4 15.Rfd1 Qa5
16.Nh4 Bxg2 17.Nxg2 Qe5 18.Qxe5 Nxe5 19.Ne3 Rac8 20.Nd5  1/2-1/2